01479nmm a2200133 a 4500001001500000005001700015008004100032100002000073245007200093300003100165500001800196520106800214856006301282ASINB009D6OK3K20150915100043.0150915s2012 xxu eng d1 aZwemer, Samuel.14aThe moslem doctrine of godh[electronic resource] /cSamuel Zwemer. a1 online resource (124 p.) aKindle eBook. aSamuel Zwemer (1867-1852) was an American missionary to the Middle East and an avid writer, speaker and teacher. He was known as the “Apostle to Islam” for his untiring efforts to reach them with the Good News of Jesus Christ. THE MOSLEM DOCTRINE OF GOD (1905) is an in-depth study on basic Moslem understanding of Allah. Zwemer was well versed in Islamic thought and knew their texts and Arabic sources incredibly well. He obviously comes at things from a Christian perspective and compares what the Koran says about Allah to what the Bible speaks of God. Though over a century old, very informative and captures the essence of "Moslem Doctrine" in an accurate and concise way. 8 chapters entitled: • There is no God but Allah • Allah, the Divine Essence • The 99 Beautiful Names of Allah • Allah's attributes analyzed and examined • The relation of Allah to His world • Mohammedan ideas of the Trinity • Predestination vs. Fatalism • The Completed Idea and its Insufficiency * Formatted, spell-checked, fully searchable and with an optimized 3Amazon.comuhttp://www.amazon.com/exec/obidos/ASIN/B009D6O